Recopilación de leyes y decretos dictados por el Supremo Gobierno desde el 9 de marzo de 1925 al 15 de junio de 1928 sobre la industria minera y salitrera
Saved in:
| 企業作者: | |
|---|---|
| 格式: | 圖書 |
| 語言: | 西班牙语 |
| 出版: |
Santiago
Universitaria
1928
|
| 主題: | |
| 標簽: |
添加標簽
沒有標簽, 成為第一個標記此記錄!
|
MARC
| LEADER | 00000nam a2200000 a 4500 | ||
|---|---|---|---|
| 001 | UCR4305 | ||
| 003 | CL-VaPUC | ||
| 008 | 980307e19280000CL |||||||||||||||||spa|d | ||
| 082 | 0 | 4 | |a 343.077 |b SUP |2 21 |
| 110 | 2 | |a Superintendencia de Salitre y Minas del Ministerio de Hacienda |e author |9 404186 | |
| 245 | 1 | 0 | |a Recopilación de leyes y decretos dictados por el Supremo Gobierno desde el 9 de marzo de 1925 al 15 de junio de 1928 sobre la industria minera y salitrera |
| 300 | |a 188 p | ||
| 942 | |c BK | ||
| 945 | |d 19980307 00:00:00 |a crobeson | ||
| 260 | |a Santiago |b Universitaria |c 1928 | ||
| 650 | 0 | |a Legislación minera |9 388864 | |
| 650 | 0 | |a Minas |9 255522 | |
| 650 | 0 | |a Derecho de minería |9 344919 | |
| 650 | 0 | |a Concesiones mineras |9 256334 | |
| 650 | 0 | |a Contratos mineros |9 344920 | |
| 650 | 0 | |a Propiedad minera |9 370030 | |
| 650 | 7 | |a SOCIEDADES MINERAS |2 CL-VaPUC |9 371906 | |
| 650 | 0 | |a Salitre |9 313872 | |
| 651 | 7 | |a CHILE |2 CL-VaPUC |9 404187 | |
| 583 | |a last modification |c 19980307 00:00:00 |k Rodrigo Vera | ||
| 999 | |c 267251 |d 267249 | ||
| 952 | |0 0 |1 0 |4 0 |6 343_077000000000000_SUP_1928 |7 0 |8 X |9 299514 |a BIBDER |b BIBDER |d 2019-11-20 |i 194939K |o 343.077 SUP 1928 |p 194939K |r 2023-01-25 |w 2019-11-20 |y BK_X |k DER | ||